La vie de l'impératrice Eugénie / (Record no. 143275)

MARC details
000 -LEADER
campo de control de longitud fija 00627nam a2200181 i 4500
001 - NÚMERO DE CONTROL
campo de control 143275
003 - IDENTIFICADOR DE NÚMERO DE CONTROL
campo de control ES-MaACL
005 - FECHA Y HORA DE LA ÚLTIMA TRANSACCIÓN
campo de control 20230906200752.0
007 - CAMPO FIJO DE DESCRIPCIÓN FÍSICA--INFORMACIÓN GENERAL
campo de control de longitud fija t|
008 - DATOS DE LONGITUD FIJA--INFORMACIÓN GENERAL
campo de control de longitud fija 070214s1933 fr |||| |bfre d
100 1# - ENTRADA PRINCIPAL--NOMBRE DE PERSONA
Nombre de persona Sencourt, Robert.
9 (RLIN) 105439
245 13 - MENCIÓN DEL TÍTULO
Título La vie de l'impératrice Eugénie /
Mención de responsabilidad, etc. Robert Sencourt ; traduit de l'anglais par Jeanne Fournier-Pargoire.
260 ## - PUBLICACIÓN, DISTRIBUCIÓN, ETC.
Lugar de publicación, distribución, etc. Paris :
Nombre del editor, distribuidor, etc. [s.n.],
Fecha de publicación, distribución, etc. 1933 (
Fabricante Imp. Moderne)
300 ## - DESCRIPCIÓN FÍSICA
Extensión 411 p. ;
Dimensiones 19 cm.
600 04 - PUNTO DE ACCESO ADICIONAL DE MATERIA--NOMBRE DE PERSONA
Nombre de persona Eugenia
Títulos y otros términos asociados al nombre Emperatriz consorte de Napoleón III, Emperador de Francia.
9 (RLIN) 48322
700 1# - ENTRADA AGREGADA--NOMBRE PERSONAL
Nombre de persona Fournier-Pargoire, Jeanne.
9 (RLIN) 51995
852 ## - LOCALIZACIÓN
Ubicación ES-MaACL
Número de control de estantería A-3776
Holdings
Estatus retirado Estado de pérdida Estado de daño No para préstamo Biblioteca de origen Biblioteca actual Ubicación en estantería Fecha de adquisición Fuente de adquisición Total de préstamos Signatura topográfica completa Código de barras Visto por última vez Precio de reemplazo Tipo de ítem Koha
        Biblioteca del Ateneo de Madrid Biblioteca del Ateneo de Madrid Sala Pecera Planta 1 17/01/2008     A-3776 1149069 23/02/2023 23/02/2023 Libro impreso